LIBRARY & INFORMATION CENTRE, KCAET, TAVANUR

ONLINE PUBLIC ACCESS CATALOGUE (OPAC)

Malayala Sahitya Charitram / (Record no. 3793)

MARC details
000 -LEADER
fixed length control field 00406cam a2200157ua 4500
041 ## - LANGUAGE CODE
Language code of text/sound track or separate title mal
082 ## - DEWEY DECIMAL CLASSIFICATION NUMBER
Classification number 894.812 09
Item number par/ma
100 ## - MAIN ENTRY--AUTHOR NAME
Personal name Parameswaran Nair, P K .
245 ## - TITLE STATEMENT
Title Malayala Sahitya Charitram /
250 ## - EDITION STATEMENT
Edition statement 3 /
260 ## - PUBLICATION, DISTRIBUTION, ETC. (IMPRINT)
Place of publication NewDelhi :
Name of publisher Sahitya Akademi ,
Year of publication 1966.
300 ## - PHYSICAL DESCRIPTION
Number of Pages 326 ; .
942 ## - ADDED ENTRY ELEMENTS (KOHA)
Koha item type Books
Holdings
Withdrawn status Lost status Damaged status Home library Current library Date acquired Full call number Accession Number Koha item type
Withdrawn     KAUAET KAUAET 07/04/2012 894.812 09 8887 Books
free website counter